| 000 | 00540nam a2200193Ia 4500 | ||
|---|---|---|---|
| 005 | 20250508170023.0 | ||
| 008 | 008 250505s9999 xx 000 0 eng d | ||
| 020 | _a978-93-528-0602-7 | ||
| 037 | _aTextual | ||
| 040 |
_aFEDL _beng _cFEDL |
||
| 041 |
_aeng _2eng |
||
| 084 |
_a510.7, PAT _qFEDL |
||
| 100 |
_aPatmore Mark _9782741 |
||
| 245 | 0 | _aPassing the numeracy skills test | |
| 260 |
_aNew Delhi, India _bSage Publications _c2012 |
||
| 300 | _aix, 85p. | ||
| 942 |
_cTEXL _h510.7, PAT |
||
| 999 |
_c1398721 _d1398721 |
||